000 00936nam a22002297a 4500
999 _c6501
_d6501
003 AR-CdUCM
008 190318b ||||| |||| 00| 0 spa d
020 _a84-02-06791-3
040 _aMUNICIPALIDAD PROVINCIAL DEL CUSCO
_cBIBLIOTECA MUNICIPAL DEL CUSCO
_e
082 _a940.53 /
_bZ67
100 _aZentner, Christian
_918408
245 _aLas guerras de la posguerra /
260 _aBarcelona :
_bBruguera,
_c1980.
300 _a3.t.
_c27 cm.
440 _aGrandes guerras de nuestro tiempo
_n15
_918409
505 _aContenido :t.1. Del elba al yalu -- El amo blanco debe marcharse -- Trece días que estremecieron al mundo -- A la sombra del cubano -- Cerco hostil en torno a Israel -- t.2. Trece días que estremecieron al mundo -- t.3. Cerco hostil en torno al Israel.
650 _aPolítica mundial
_93360
650 _a1945-1973
_918410
650 _aSegunda guerra mundial
_93486
942 _2ddc
_cLIBROS
945 _arum